000 00441nam a2200205Ia 4500
001 13215
003 GE_BSU
008 181216s||||||||xx |||||||||||||| ||und||
020 _a0552146668
040 _cGE_BSU
080 _a821.111-3
100 _aSeymour,Gerald.
245 _aHolding the zero.
260 _aLondon.
260 _bCorgi Books.
260 _c2000
300 _a524p;18cm.
653 _aHolding the zero.
942 _cBK
999 _c46379
_d46379